000 01140cam a22002653a 4500
001 33041
003 PGUSA
005 20140828083720.0
008 100701s2010||||xxu|||||s|||||000 1 eng d
040 _aPGUSA
_beng
042 _adc
050 4 _aPT
100 1 _aLagerlöf, Selma,
_d1858-1940
245 1 0 _aUnsichtbare Bande :
_bErzählungen
_h[electronic resource] /
_cSelma Lagerlöf
260 _bProject Gutenberg,
_c2010
505 0 _aPeter Nord und Frau Fastenzeit -- Die Legende vom Vogelnest -- Das Hünengrab -- Die Vogelfreien -- Reors Geschichte -- Waldemar Attertag brandschatzt Visby -- Mamsell Friederike -- Der Roman einer Fischersfrau -- Mutters Bild -- Ein gefallener König -- Ein Weihnachtsgast -- Onkel Ruben -- Das Flaumvögelchen -- Unter den Kletterrosen -- Die Grabschrift -- Römerblut -- Die Rache bleibt nicht aus -- Die Geisterhand.
506 _aPublic domain in the USA.
516 _aElectronic text
653 _aFiction
653 _aShort stories
700 1 _aFranzos, Marie,
_d1870-1941
830 0 _aProject Gutenberg
_v33041
856 4 0 _uhttp://www.gutenberg.org/ebooks/33041
942 _cEB
999 _c262296
_d262296